000
00245nam a2200109Ia 4500
008
190216s9999||||xx |||||||||||||| ||und||
100
_a
Shukla Mc & Grewal Ts
245
0
_a
Cost Accounts
260
_b
Null
_c
1970
300
_a
415p
942
_c
BK
999
_c
4997
_d
4997